zpět

Detail výsledku týmu

The PUB Praha 6 , Praha

Datum a čas kvízu

33 Celkem bodů Celkový počet nahraných bodů na tomto kvízu bez doplňovacích otázek.
2. Pořadí na kvízu Konečné umístění týmu na tomto kvízu.

Zaznamenané odpovědi

# Otázka Odpověď Body Výsledky
1. Matematik a podnikatel Karel J... Tohle jsme my 1
2. Která zhruba pětimilionová evr... Irsko 0
3. Platforma Amazon Prime Video z... Pán prstenů 0
4. Ocenění nejlepšího lyžařského... ve Švýcarsku 1
5. Biatlonistka Markéta Davidová... B) ve vytrvalostním závodě 1
6. V 17. a 18. století dominovala... merkantilismus 0
7. Za zakladatele klasické ekonom... Adam Smith 1
8. V roce 1873 došlo ke krachu bu... Vídeň 1
9. Současný měnový systém byl for... Jamajka 0
10. Na závěr se podíváme do eurozó... B 0